01754nam a2200229 a 4500008004100000020001500041041000800056092002000064100002800084245005800112250002700170260004400197300001100241500011400252505063300366590005800999655002501057942001301082999001501095952021001110952020401320180918s2004 ag ||||g||||| 00| 0|spa d a9871106351 aspa c808.88l13sCOR1 aCortázar, Julio93297 aHistorias de cronopios y de famas /cJulio Cortázar a1ra ed. 1a reimpresion aBuenos Aires:bPunto de Lectura;c2004. a165 p. aCortázar, J. (2004). Historias de cronopios y de famas. (1a ed.). Buenos Aires : Suma de Letras Argentinas. aHistorias de cronopios y de famas es uno de los libros legendarios de Julio Cortázar. Postulación de una mirada poética capaz de enfrentar las miserias de la rutina y del sentido común, el escritor argentino toma aquí partido por la imaginación creadora y el humor corrosivo de los surrealistas. Esta colección de cuentos y viñetas entrañables es una introducción privilegiada al mundo inagotable de unos de los mas grandes escritores de este siglo y un antídoto seguro contra la solemnidad y el aburrimiento. Sin duda, Cortázar sella un pacto de complicidad definitiva e incondicional con sus lectores.  aProyecto 4to libro. Donación Constanzo, Juan Carlos acuentos cortos93278 2ddccLIT c2444d2444 00102ddc40708NFICaBFMbBFMcCRd2017-09-18e2017-09-18l4m3o808.88 13 CORp3928r2023-06-29s2023-05-24tEj.1w2017-09-18yLITzProyecto 4to Libro. Donación Constanzo Juan Carlos, Septiembre 2017 00102ddc4070aBFMbBFMcCRd2024-12-12eDonación Diciembre 2024. Sede Tordos.l3m1o808.88 13 CORp4974r2026-04-09s2025-12-03tEj.2w2024-12-12yLITzDonación Diciembre 2024. Sede Tordos.f